00756cam a2200217 a 450000100100000000500170001000800410002702000150006804000250008308200180010810000320012624500490015826000730020730000200028049000230030049000680032365000240039165000370041583000180045283000680047000000592720200929151837.0791009s1979 sp 000 0 spa  a8400044207 aDO-SdBNPbspacBNPHU a861.64bT277b1 aTello Aina, Rosendo,d1931-10aBaladas a dos cuerdas /cRosendo Tello Aina. aZaragoza, España :bInstitución "Fernando el Católico",c1979. a74 p. ;c25 cm.1 aSan Jorgevvol. 201 aPublicación de la Institución "Fernando el Católico"v707 4aBaladas españolas 4aLiteratura españolaySIGLO XXI 0aSan Jorgen20 0aPublicación de la Institución "Fernando el Católico"n707